1038 1042 1085 1722 1546 1443 1714 1372 1410 1248 1275 1606 1033 1287 1343 1549 1687 1406 1663 1634 1780 1885 1617 1887 1663 1461 1953 1895 1126 1832 1076 1851 1973 1535 1385 1844 1244 1659 1985 1888 1681 1586 1415 1619 1663 1011 1831 1502 1119 1438 1204 1670 1008 1310 1875 1640 1546 1189 1706 1503 1258 1108 1377 1892 1647 1001 1610 1300 1000 1612 1808 1431 1477 1315 1427 1553 1334 1774 1272 1208 1995 1771 1882 1223 1682 1757 1087 1844 1807 1748 1978 1919 1963 1022 1358 1154 1441 1957 1996 BCNSPRNW ULIB Ver.6.0+V

เปลี่ยนเป็นภาษาไทย

Change to English
 แสดงรายละเอียดบรรณานุกรม
  กลับหน้าหลัก

Brief Record : Get Marc (ISO 2709) : E-mail record : QR code < ปิดหน้าต่าง
LEADER : 00000nam 2200000uu 4500
001    13399121414
003     ULIB
008    121118s2551||||th 000 0 tha d
020    ^a9789749749661
050 04 ^aQA76.H35^bธ631ร
100 0  ^aธีรพงษ์ มงคลวุฒิกุล.
245 10 ^aรวมโปรแกรมสารพัดกู้ข้อมูล /&^c ธีรพงษ์ มงคลวุฒิกุล, เขียน ; ประภาพร ช่างไม้, บรรณาธิการ.
250    ^aพิมพ์ครั้งที่ 1.
260    ^aกรุงเทพฯ :&^b ไอดีซี อินโฟ ดิสทริบิวเตอร์ เซ็นเตอร์,&^c 2551.
300    ^a207 หน้า :&^b ภาพประกอบ +&^e ซีดีรอม 1 แผ่น.
500    ^aติดต่อรับซีดีที่มากับตัวเล่ม No.000519 ที่บริการยืม-คืน ชั้น 1
650  7 ^aการจัดการฮาร์ดดิสก์.
650  7 ^aระบบปฏิบัติการ (คอมพิวเตอร์)
650  7 ^aไมโครคอมพิวเตอร์^x การบำรุงรักษาและการซ่อมแซม.
650  7 ^aฮาร์ดดิสก์.
650  7 ^aคอมพิวเตอร์.
700 0  ^aประภาพร ช่างไม้.
945    ^p159^l0^i16162
995    ^aวิภา
999    ^aวิภา
รายการนี้ยังไม่มีแท็ก
คุณยังไม่ได้ล็อกอิน คุณสามารถมีกิจกรรมร่วมกับเว็บไซต์ได้ แต่ต้องล็อกอินก่อน ::
  ล็อกอิน

รายการสื่อสารสนเทศ

ลำดับที่ ประเภท เลขเรียก/บาร์โค้ด สถานที่ สถานะ
1. วิทยาศาสตร์การแพทย์ และสุขภาพ
วิทยาศาสตร์การแพทย์ และสุขภาพ
QA76.H35 ธ631ร  
  Barcode: 16162
ห้องสมุดวิทยาเขตสวรรค์ประชารักษ์
►หนังสือทั่วไป
บนชั้น

รายการใกล้เคียง
    หัวเรื่อง [ระบบปฏิบัติการ (คอมพิวเตอร์)]
    หัวเรื่อง [คอมพิวเตอร์.]

BibComment


ยังไม่เคยถูกคอมเมนท์

คอมเมนท์ทรัพยากรรายการนี้
  คอมเมนท์: รวมโปรแกรมสารพัด..


 Copyright 2026. Bcnsprnw @Library